000 00949nam a2200217Ia 4500
003 IN-BaIIA
008 211028s9999 xx 000 0 eng d
020 _a2-86332-043-2
040 _cIIA Library
080 _a524(082.2)
_bAUD
100 _aAudouze, J.
_911166
111 _aRecontre de Moriond Astrophysics Meeting on Accretion Processes in Astrophysics
_n21st
_cLes Arcs-Savoie-France
_d1986 Mar.9-16
_916327
245 0 _aAccretion processes in astrophysics
_btwenty-first recontre de Moriond astrophysics meeting on accretion processes in astrophysics , held in Les Arcs-Savoie-France,March 9-16,1986
_cJ. Audouze and J. Tran Thanh Van
260 _aFrance
_bEditions Frontiers
_c1986
300 _ax,215p.
650 _aAstronomy and Astrophysics Thesaurus
650 _aAstrophysics
_9794
650 _aTheoretical Astrophysics
_915234
700 _aVan, J. Tran Thanh
_916328
942 _cBK
999 _c9676
_d9676